| 000 | 00436nam a2200157 4500 | ||
|---|---|---|---|
| 001 | 147978 | ||
| 003 | ES-MaACL | ||
| 005 | 20230906202350.0 | ||
| 007 | t| | ||
| 008 | 070214s1920 gw r ||||1| ger d | ||
| 100 | 1 |
_aSpitteler, Karl. _9107767 |
|
| 245 | 1 | 0 |
_aPrometheus und Epimetheus ein gleichnis / _cKarl Spitteler. |
| 260 |
_aWeimar : _bDietsche und Bruckuer, _c1920. |
||
| 300 |
_a337 p. ; _c20 cm. |
||
| 852 |
_aES-MaACL _jA-4994 |
||
| 999 |
_c147978 _d147978 |
||